| 000 | 00611nam a2200193 a 4500 | ||
|---|---|---|---|
| 005 | 20250312063750.0 | ||
| 008 | 080520s1983 mx r 000 0 spa d | ||
| 020 | _a0195031458 | ||
| 035 | _aUPN01000156034 | ||
| 049 | _aCG | ||
| 050 | 4 |
_aH61.25 _bD8.6 |
|
| 100 | 1 |
_aDwyer, James H., _d1946- |
|
| 245 | 1 | 0 |
_aStatistical models for the social and behavioral sciences / _cJames H. Dwyer. |
| 260 |
_aNew York : _bOxford University Press, _c1983. |
||
| 300 | _a475 p. | ||
| 650 | 4 |
_aCIENCIAS SOCIALES - _vMODELOS MATEMATICOS _910477 |
|
| 650 | 4 |
_aCiencias sociales _xMétodos estadÃsticos _97036 |
|
| 905 | _aLibro | ||
| 999 |
_c128148 _d128148 |
||